| 000 | 00416nam a2200169Ia 4500 | ||
|---|---|---|---|
| 001 | 10066 | ||
| 005 | 20260306161804.0 | ||
| 008 | 260306t9999||||xx |||||||||||||| ||spa|| | ||
| 041 | _aESP | ||
| 082 |
_aHN 869.93 _bM81 |
||
| 100 |
_aMolina, Juan Ramón _eAUT |
||
| 245 | 0 |
_aSus mejores páginas: _bverso y prosa |
|
| 300 |
_a136 páginas : _c17 cm. |
||
| 650 | _aGEN | ||
| 654 | _aCHU | ||
| 942 |
_cLIB _dJUS _fJUS _2ddc _n |
||
| 999 |
_c10066 _d10066 |
||